Normal view
MARC view
- Tlaxcala
Entry Nombre Geográfico
001 - NÚMERO DE CONTROL
- campo de control: 24487
003 - IDENTIFICADOR DE NUMERO DE CONTROL
- campo de control: MX-MxUPN
005 - FECHA Y HORA DE LA ÜLTIMA TRANSACCIÓN
- campo de control: 20230531094906.0
008 - DATOS DE LONGITUD FIJA
- campo de control de longitud fija: 230531nn fnznnabbn n ana |d
035 ## - NÚMERO DE CONTROL
- Número de control: UPN10000024496
040 ## - FUENTE DE CATALOGACIÓN
- Lenguaje de catalogación: SPA
- Agencia de transcripción: UPN
- Agencia de catalogación original: MX-MxUPN
151 ## - ENCABEZAMIENTO - NOMBRE GEOGRÁFICO
- Nombre geográfico: Tlaxcala
- Subdivisión general : Historia
670 ## - FUENTE EN LA QUE SE LOCALIZARON DATOS
- Cita de la fuente: Escamilla González, G. Lista de encabezamientos de materia, 1978 :
- Información localizada: página 812 (Tlaxcala -- Historia)
902 ## - CATALOGADOR
- Catalogador: EMR/020216
- Catalogador: VíctorGodínez/310523
